<?xml version="1.0" encoding="UTF-8"?>
<record
    xmlns:xsi="http://www.w3.org/2001/XMLSchema-instance"
    xsi:schemaLocation="http://www.loc.gov/MARC21/slim http://www.loc.gov/standards/marcxml/schema/MARC21slim.xsd"
    xmlns="http://www.loc.gov/MARC21/slim">

  <leader>02122nam a2200265 a 4500</leader>
  <controlfield tag="001">BRCA_8795</controlfield>
  <controlfield tag="005">20190320210420.0</controlfield>
  <controlfield tag="008">190417s1780----sp-#######---#000-0#spa-#</controlfield>
  <datafield tag="041" ind1=" " ind2=" ">
    <subfield code="a">spa</subfield>
  </datafield>
  <datafield tag="044" ind1=" " ind2=" ">
    <subfield code="a">sp</subfield>
  </datafield>
  <datafield tag="084" ind1=" " ind2=" ">
    <subfield code="a">BE176</subfield>
    <subfield code="b">.C37 1780</subfield>
  </datafield>
  <datafield tag="100" ind1="1" ind2=" ">
    <subfield code="a">Castro, Juan Francisco de</subfield>
    <subfield code="9">21340</subfield>
  </datafield>
  <datafield tag="245" ind1="1" ind2="0">
    <subfield code="a">Dios, y la naturaleza</subfield>
    <subfield code="b">compendio hist&#xF3;rico natural, y pol&#xED;tico del universo, en que se demuestra la existencia de Dios, y se refiere la historia natural, y civil, la religi&#xF3;n, leyes, y costumbres de las naciones antiguas y modernas m&#xE1;s conocidas del Orbe</subfield>
    <subfield code="c">por el doctor Don Juan Francisco de Castro...</subfield>
  </datafield>
  <datafield tag="260" ind1=" " ind2=" ">
    <subfield code="a">Madrid</subfield>
    <subfield code="b">por D. Joachin Ibarra, Impresor de C&#xE1;maras de S.M.</subfield>
    <subfield code="c">1780</subfield>
  </datafield>
  <datafield tag="300" ind1=" " ind2=" ">
    <subfield code="a">XLII, 344p. (t.1)</subfield>
    <subfield code="c">21.3 x 15 cm.</subfield>
  </datafield>
  <datafield tag="500" ind1=" " ind2=" ">
    <subfield code="a">Con las licencias necesarias</subfield>
  </datafield>
  <datafield tag="500" ind1=" " ind2=" ">
    <subfield code="a">Estado f&#xED;sico: presenta encuadernaci&#xF3;n en pergamino, con presencia del pez de plata, algunas hojas manchadas y lomo semi desprendido</subfield>
  </datafield>
  <datafield tag="500" ind1=" " ind2=" ">
    <subfield code="a">Con marca de fuego: &#x201C;Procedencia de la marca: Convento de San Francisco Santa Mar&#xED;a del Pueblito de Quer&#xE9;taro(1).  Instituci&#xF3;n: Orden de Frailes Menores. Provincia de San Pedro y San Pablo de Michoac&#xE1;n. Descripci&#xF3;n: Monograma conformado por las iniciales &#x201C;P&#x201D;, &#x201C;u&#x201D;, &#x201C;E&#x201D; seguidas de &#x201C;b&#x201D;, &#x201C;I&#x201D;, &#x201C;T&#x201D; y &#x201C;o&#x201D; que se desata como Pueblito(2) dentro de un filete en forma de rombo. Observaciones: Krausse la incluye entre las marcas no identificadas. David Saavedra la identifica como del Convento Franciscano de Santa Mar&#xED;a del Pueblito, Villa Corregidora de Quer&#xE9;taro. Con el testimonio de pertenencia ubicado en este ejemplar se corrobora la atribuci&#xF3;n realizada por David Saavedra. Ubicaci&#xF3;n de la marca en el libro: Canto superior, inferior y lateral&#x201D;</subfield>
  </datafield>
  <datafield tag="650" ind1="1" ind2="4">
    <subfield code="a">Apolog&#xE9;tica</subfield>
    <subfield code="y">Obras anteriores a 1800</subfield>
    <subfield code="9">21341</subfield>
  </datafield>
  <datafield tag="650" ind1="1" ind2="4">
    <subfield code="a">Ateismo</subfield>
    <subfield code="y">Obras anteriores a 1800</subfield>
    <subfield code="9">21342</subfield>
  </datafield>
  <datafield tag="700" ind1="1" ind2=" ">
    <subfield code="a">Ibarra, Joachin</subfield>
    <subfield code="e">Impresor</subfield>
    <subfield code="9">21929</subfield>
  </datafield>
  <datafield tag="856" ind1=" " ind2=" ">
    <subfield code="a">http://www.marcasdefuego.buap.mx:8180/xmLibris/projects/firebrand/item.jsp?repository=marcas_de_fuego&amp;key=marcas_de_fuego_franciscanas_20150618135223_2ccc.xml&amp;num=124</subfield>
  </datafield>
  <datafield tag="902" ind1=" " ind2=" ">
    <subfield code="a">CFM</subfield>
  </datafield>
  <datafield tag="942" ind1=" " ind2=" ">
    <subfield code="2">lcc</subfield>
    <subfield code="c">B</subfield>
  </datafield>
  <datafield tag="999" ind1=" " ind2=" ">
    <subfield code="c">8446</subfield>
    <subfield code="d">8446</subfield>
  </datafield>
  <datafield tag="952" ind1=" " ind2=" ">
    <subfield code="0">0</subfield>
    <subfield code="1">0</subfield>
    <subfield code="4">0</subfield>
    <subfield code="7">0</subfield>
    <subfield code="a">BRCA</subfield>
    <subfield code="b">BRCA</subfield>
    <subfield code="d">2017-04-19</subfield>
    <subfield code="l">0</subfield>
    <subfield code="o">BE176 .C37 1780</subfield>
    <subfield code="p">CFM00122</subfield>
    <subfield code="r">2019-03-22 00:00:00</subfield>
    <subfield code="w">2019-03-22</subfield>
    <subfield code="y">B</subfield>
  </datafield>
</record>
